01410 a2200145 4500003000500000005001700005040000900022082001200031100001900043245012100062260003900183300001000222505102200232650001001254Nust20221018143230.0 cNust a620,JAC aJacobs,Dillard a10 Years :ba story of the first century of vanderbilt university school of engineering 1875-1975 /cDillare Jacobs aNashvillebvanderbilt Alumnic1975 a191:p aIn the Beginning (Page-3), Dark Clouds (Page-27), Dean Schuerman (Page-31), The University Hall Fire (Page-41), Tragedy on The Mississippi (Page-45), Fireball (Page-49), A Camp on the Mountain (Page-55), The Pranks of Youth (Page-58), The Skipper (Page-61), Doc Miser and Applied Math (Page-65), More about The Lewis Years (Page-67), The New Building (Page-75), The Interregnum (Page-77), A Search for Dollars and a Dean (Page-91), The Physical Campus (Page-105),The Shops (Page-110), The Open Houses (Page-113), The Women Engineers (Page-115), Engineers in Athletics (Page-124), Graduate Work (Page-133), Biomedical Engineering (Page-138), Chemical Engineering (Page-141), Civil Engineering (Page-145), Electrical Engineering (Page-148), Engineering Management (Page-155), Engineering Science (Page-157), Environmental and Water Resource Engineering (Page-159), Materials Science and Engineering (Page-159), Mechanical Engineering (Page-165), Systems and Information Science (Page-172), Socio-Engineering (Page-174). aStory